[Event "Santiago Endesa 06"]
[Site "Santiago de Chile"]
[Date "2007.05.09"]
[Round "9"]
[White "Donoso, Juan"]
[Black "Jorquera Cahuin, Marcelo Joaquin"]
[Result "0-1"]
[WhiteElo "1702"]
[BlackElo "2296"]
[PlyCount "76"]
[EventDate "2007.04.18"]
[EventType "tourn"]
[EventRounds "9"]
[EventCountry "CHI"]
[SourceTitle "EXT 2008"]
[Source "ChessBase"]
[SourceDate "2007.11.25"]
[SourceVersion "1"]
[SourceVersionDate "2007.11.25"]
[SourceQuality "1"]

1. e4 d5 2. exd5 Nf6 3. c4 c6 4. Nc3 cxd5 5. Qb3 d4 6. Nd5 Nc6 7. d3 e6 8. Nxf6+ gxf6 9. Bd2 e5 10. 0-0-0 Qc7 11. Be2 Bf5 12. Nf3 0-0-0 13. Rhe1 Be7 14. Nh4 Be6 15. h3 f5 16. g3 f4 17. Bg4 Bxh4 18. Bxe6+ fxe6 19. gxh4 Qe7 20. Rg1 Rhg8 21. Rg4 h5 22. Rxg8 Rxg8 23. Rh1 Qxh4 24. Be1 f3 25. c5 Qe7 26. Qc2 Qg5+ 27. Bd2 Qg1+ 28. Rxg1 Rxg1+ 29. Qd1 Rxd1+ 30. Kxd1 Kd7 31. a3 Ne7 32. Bg5 Ng6 33. h4 Kc6 34. b4 Kd5 35. Kc2 e4 36. Kd2 Ne5 37. dxe4+ Kxe4 38. a4 Nd3 0-1

[Event "Santiago Endesa 06"]
[Site "Santiago de Chile"]
[Date "2007.04.27"]
[Round "5"]
[White "Donoso, Juan"]
[Black "Ulloa Bustos, Juan"]
[Result "0-1"]
[WhiteElo "1702"]
[BlackElo "2118"]
[PlyCount "108"]
[EventDate "2007.04.18"]
[EventType "tourn"]
[EventRounds "9"]
[EventCountry "CHI"]
[SourceTitle "EXT 2008"]
[Source "ChessBase"]
[SourceDate "2007.11.25"]
[SourceVersion "1"]
[SourceVersionDate "2007.11.25"]
[SourceQuality "1"]

1. d4 d5 2. c4 e6 3. Nf3 c5 4. Bg5 Qa5+ 5. Nbd2 cxd4 6. Nxd4 dxc4 7. N4f3 Nc6 8. Be3 Nf6 9. a3 Nd5 10. Qc1 c3 11. bxc3 Qxc3 12. Qxc3 Nxc3 13. Bd4 Nxd4 14. Nxd4 Bd7 15. e3 Be7 16. Bc4 Rc8 17. 0-0 b5 18. Bb3 0-0 19. Rfe1 Rfd8 20. N2f3 a5 21. Ne2 b4 22. a4 Bf6 23. Nfd4 e5 24. Nf3 Nxe2+ 25. Rxe2 Bg4 26. e4 Rd3 27. Re3 Rxe3 28. fxe3 Rc3 29. Rb1 Be6 30. Bxe6 fxe6 31. Kf2 Rc2+ 32. Kg3 Ra2 33. Rc1 Rxa4 34. Rc8+ Kf7 35. Rc7+ Ke8 36. Rb7 Ra3 37. Nd2 Rxe3+ 38. Kf2 Rc3 39. Rb5 Rc2 40. Ke1 Ra2 41. g3 Kd7 42. h4 Kc6 43. Rb8 Kc5 44. Rc8+ Kd4 45. Ke2 Rxd2+ 46. Kxd2 Kxe4 47. Ra8 Kf3 48. h5 e4 49. Rf8 b3 50. g4 Kxg4 51. Ke3 b2 52. Rb8 a4 53. Rb4 a3 54. Rxe4+ Kxh5 0-1